The Challenge - EPIC The Musical - Statistiques

Statistiques générales
  • Ce quiz a été pris 51 fois
  • Le résultat moyen est 245 sur 259
Statistiques - réponses
Hint Réponse % Correct
a
100%
and
100%
And
100%
as
100%
be
100%
buying
100%
come
100%
could
100%
don't
100%
every
100%
here
100%
how
100%
I
100%
I'll
100%
it
100%
I've
100%
just
100%
kind
100%
know
100%
of
100%
sign
100%
so
100%
some
100%
that
100%
the
100%
this
100%
time
100%
Suitors Time
100%
to
100%
we
100%
you
100%
all
97%
axes
97%
bow
97%
But
97%
can
97%
'Cause
97%
choose
97%
die
97%
done
97%
fly
97%
for
97%
his
97%
husband's
97%
I'd
97%
is
97%
Is
97%
king
97%
man
97%
me
97%
much
97%
my
97%
never
97%
night
97%
Oh
97%
old
97%
queen
97%
rather
97%
rule
97%
shoot
97%
storm
97%
string
97%
they
97%
though
97%
Though
97%
throne
97%
twelve
97%
waiting
97%
Penelope Whoever
97%
will
97%
with
97%
work
97%
would
97%
arrow
94%
at
94%
best
94%
challenge
94%
down
94%
finally
94%
grow
94%
Penelope I'm
94%
last
94%
Let
94%
lie
94%
new
94%
saw
94%
since
94%
sit
94%
suitor
94%
supposed
94%
than
94%
through
94%
was
94%
without
94%
aim
91%
cleanly
91%
crown
91%
far
91%
from
91%
house
91%
kingdom
91%
our
91%
thought
91%
unthread
91%
wear
91%
your
91%
arranged?
88%
close
88%
longer
88%
soon
88%
think
88%
true
88%
won
88%
about
85%
change?
85%
once
85%
out
85%
have
82%
said
82%
them
82%
they've
82%
Unless
82%
allow
79%
go
79%
love
79%
like
76%
norm
76%
not
76%
other
76%
way
76%
world
76%
running
74%
runnning
74%
any
71%
end
71%
resort
71%
it's
68%
shroud
62%
weave
62%
fleeting
50%
these
50%
lengths
41%
Aucun quiz correspondant
Distribution des résultats
% des personnes avec chaque résultat
Percentile par nombre de réponses
Votre historique - résultats
Vous n’avez pas pris ce quiz